<?xml version="1.0" encoding="UTF-8"?>
<record
    xmlns:xsi="http://www.w3.org/2001/XMLSchema-instance"
    xsi:schemaLocation="http://www.loc.gov/MARC21/slim http://www.loc.gov/standards/marcxml/schema/MARC21slim.xsd"
    xmlns="http://www.loc.gov/MARC21/slim">

  <leader>01546    a2200217   4500</leader>
  <controlfield tag="001">47115</controlfield>
  <controlfield tag="005">20260407155739.0</controlfield>
  <controlfield tag="008">260407a1993    arg                 spa d</controlfield>
  <controlfield tag="003">AR-UNSa-BCEJYS</controlfield>
  <datafield tag="040" ind1=" " ind2=" ">
    <subfield code="a">AR-UNSa-BCEJYS</subfield>
    <subfield code="b">spa</subfield>
    <subfield code="c">AR-UNSa-BCEJYS</subfield>
  </datafield>
  <datafield tag="080" ind1=" " ind2=" ">
    <subfield code="a">330.342.22</subfield>
    <subfield code="x">Econom&#xED;a en desarrollo. Econom&#xED;a en industrializaci&#xF3;n
</subfield>
  </datafield>
  <datafield tag="245" ind1="1" ind2="0">
    <subfield code="a">La edad de plomo del desarrollo latinoamerica</subfield>
  </datafield>
  <datafield tag="020" ind1=" " ind2=" ">
    <subfield code="a">968-16-4223-6</subfield>
  </datafield>
  <datafield tag="264" ind1=" " ind2="1">
    <subfield code="a">M&#xE9;xico :</subfield>
    <subfield code="b">Fondo de Cultura Econ&#xF3;mica</subfield>
    <subfield code="c">1993</subfield>
  </datafield>
  <datafield tag="300" ind1=" " ind2=" ">
    <subfield code="a">323 p.</subfield>
    <subfield code="c">22 cm.</subfield>
  </datafield>
  <datafield tag="505" ind1=" " ind2=" ">
    <subfield code="a">Introducci&#xF3;n. Lecciones de la crisis : Una visi&#xF3;n de conjunto / Jaime Ros - 1. Ortodoxia y heterodoxia :&#xBF;Alternativa de las estrategias de estabilizaci&#xF3;n? / Juan Carlos Moreno - 2. Inflaci&#xF3;n inercial y conflicto distributivo / Jaime Ros - 3. Aspectos macroecon&#xF3;micos de la estabilizaci&#xF3;n heterodoxa / Jaime Ros - 4. Pol&#xED;ticas de estabilizaci&#xF3;n, nivel de actividad, salarios reales y empleo (1982-1988) / Nora Lustig - 5. Transferencias externas, ajuste interno y potencial de crecimiento / Julio L&#xF3;pez G. - 6. La restricci&#xF3;n externa y el crecimiento a largo plazo / Jos&#xE9; I. Casar - 7. Ajuste, patr&#xF3;n de desarrollo y distribuci&#xF3;n del ingreso / Carlos M&#xE1;rquez - 8. Crecimiento y reforma estructural en la Am&#xE9;rica Latina. La situaci&#xF3;n actual / Jos&#xE9; Mar&#xED;a Fanelli, Roberto Frenkel y Guillermo Rozenwurcel. </subfield>
  </datafield>
  <datafield tag="942" ind1=" " ind2=" ">
    <subfield code="c">BK</subfield>
  </datafield>
  <datafield tag="590" ind1=" " ind2=" ">
    <subfield code="a">niveau_biblio:m niveau_hierar:0</subfield>
  </datafield>
  <datafield tag="100" ind1="1" ind2=" ">
    <subfield code="a">Ros, Jaime</subfield>
  </datafield>
  <datafield tag="856" ind1="4" ind2="1">
    <subfield code="u">https://www.biblioeco.unsa.edu.ar/pmb/images/libros/L127393.jpg</subfield>
    <subfield code="y">Imagen de portada</subfield>
    <subfield code="q">image/jpeg</subfield>
  </datafield>
  <datafield tag="999" ind1=" " ind2=" ">
    <subfield code="c">4289</subfield>
    <subfield code="d">4289</subfield>
  </datafield>
  <datafield tag="952" ind1=" " ind2=" ">
    <subfield code="0">0</subfield>
    <subfield code="1">0</subfield>
    <subfield code="4">0</subfield>
    <subfield code="7">0</subfield>
    <subfield code="a">BCEJYS</subfield>
    <subfield code="b">BCEJYS</subfield>
    <subfield code="c">16</subfield>
    <subfield code="d">2026-04-07</subfield>
    <subfield code="l">0</subfield>
    <subfield code="o">330.342.22 R788</subfield>
    <subfield code="p">L127393</subfield>
    <subfield code="r">2026-04-07 15:57:39</subfield>
    <subfield code="w">2026-04-07</subfield>
    <subfield code="y">L</subfield>
  </datafield>
</record>
